LEADER 01346nam a2200313 i 4500 001 991002015159707536 008 130409t19641932nyu b 000 0 eng 035 $ab14107338-39ule_inst 040 $aDip.to Matematica e Fisica - Sez. Matematica$beng 082 0 $a512.81 084 $aAMS 51B05 084 $aAMS 12-03 100 1 $aHancock, Harris$d<1867-1944>$043234 245 10$aFoundations of the theory of algebraic numbers /$cby Harris Hancock 260 $aNew York :$bDover Publ.,$c1964 300 $a2 v. ;$c22 cm 500 $a"Unabridged and unaltered republication of the work first published ... in 1931." 500 $aEx Libris Mario Lombardo 504 $aBibliographical footnotes 505 0 $aV. 1.: Introduction to the general theory 505 0 $aV. 2.: The general theory 650 0$aNumber theory 907 $a.b14107338$b03-03-14$c09-04-13 912 $a991002015159707536 945 $aLE013 Fondo Lombardo 51B HAN12 V.I (1964)$cV. 1$g1$i2013000221649$lle013$og$pE7.00$q-$rn$so $t1$u0$v0$w0$x0$y.i15549161$z05-11-13 945 $aLE013 Fondo Lombardo 51B HAN12 V.II (1964)$cV. 2$g1$i2013000221632$lle013$og$pE7.00$q-$rn$so $t1$u0$v0$w0$x0$y.i15549173$z05-11-13 996 $aFoundations of the theory of algebraic numbers$9264791 997 $aUNISALENTO 998 $ale013$b09-04-13$cm$da $e-$feng$gnyu$h0$i0 LEADER 00943cam a2200253 i 4500 001 991002650979707536 008 030219s2004 it 000 0 ita d 020 $a8846452313 035 $ab12956260-39ule_inst 040 $aDip.to Studi Storici$bita 082 0 $a306.87 100 1 $aSolinas, Pier Giorgio$0103063 245 12$aL'acqua strangia :$bil declino della parentela nella società complessa /$cPier Giorgio Salinas 260 $aMilano :$bFranco Angeli,$cc2004 300 $a221 p. ;$c23 cm 440 0$aAntropologia culturale e sociale 650 4$aSociologia della famiglia 650 4$aParentela$xStudi antropologici 907 $a.b12956260$b02-04-14$c12-07-04 912 $a991002650979707536 945 $aLE023 306.87 SOL 1 1$g1$i2023000067628$lle023$o-$pE20.00$q-$rl$s- $t0$u1$v0$w1$x0$y.i13837321$z10-09-04 996 $aAcqua strangia$9279914 997 $aUNISALENTO 998 $ale023$b12-07-04$cm$da $e-$fita$git $h0$i0